00000000nam##2200000za#4500
0019.627339
003CaOODSP
00520210615105106
007ta
008150406|2006||||xxc|||||     f|0| 0 fre|d
040 |aCaOODSP|bfre
043 |an-cn---
0861 |aNH18-22/106-109F
1102 |aSociété canadienne d'hypothèques et de logement.
24510|aCatégorisation selon l'usage pour la conception et la construction des sous-sols de bâtiments résidentiels
260 |bSociété canadienne d'hypothèques et de logement |cJuin 2006.
300 |a3, [1]p. : |btableaux ; |c28 cm.
4901 |aLe point en recherche. Série technique |v06-109
5203 |aCes rapports techniques résument un large éventail d’études, de rapports et d’ouvrages divers relatifs au logement. Ils se penchent sur des questions aussi diversifiées que l’aménagement paysager à peu d’entretien dans le Nord; les possibilités d’action pour obtenir des environnements intérieurs sains; et divers aspects de la performance des installations, comme la performance de l’enveloppe de tours d’habitation, la performance de divers matériaux de construction, et l’évaluation de la performance d’installations de chauffage urbain.
563 |aDépliant
590 |a06-48|b2006-12-01
69107|aClassification|2gcpds
69107|aConstruction|2gcpds
69107|aLogement|2gcpds
77508|tOccupancy-based classification system for design and construction of residential basements |w(CaOODSP)9.618069
7760#|tCatégorisation selon l'usage pour la conception et la construction des sous-sols de bâtiments résidentiels |w(CaOODSP)9.608042
830#0|aLe point en recherche. Série technique ;|v06-109|w(CaOODSP)9.513179